| 000 | 00787cam a2200205 i 4500 | ||
|---|---|---|---|
| 005 | 20251126124656.0 | ||
| 008 | 250721s2009 jo gr 000 0 ara d | ||
| 082 | 1 | 4 |
_a211.81 _bز ي ن |
| 100 | 1 |
_aزيني، عبد الحسين _eمؤلف. |
|
| 245 | 1 | 2 |
_aالإنجيل الخامس : _bسيرة السيد المسيح علية السلام كما وردت في القرآن الكريم / _cالدكتور عبدالحسين زيني. |
| 250 | _aالطبعه الاولى . | ||
| 264 | 3 | 1 |
_aعمان : _bدار أيلة للنشر والتوزيع، _c2009. |
| 300 | _a73 صفحة. | ||
| 650 | 1 | 7 | _aقصص القرآن. |
| 650 | 1 | 7 | _aالأناجيل. |
| 650 | 1 | 7 | _aالمسيح. |
| 650 | 1 | 7 | _aالقرآن الكريم. |
| 942 |
_2ddc _cBK |
||
| 999 |
_c120006 _d120006 |
||